Bài ca Điện Biên Phủ Tập truyện
Gồm 7 truyện: Mở màn và kết thúc; ứ cây số 12; Chiếc cáng; Chọn lựa; Khi tiếng súng đã yên; Hai mươi năm sau; Bài ca Điện Biên Phủ, kể về những diễn biến phức tạp, gay go và ác liệt của một số trận đánh quan trọng ở Điện Biên Phủ của bộ đội ta và những kỷ niệm khó quên của cán bộ, chiến sĩ với Điện...
Bewaard in:
| Hoofdauteur: | |
|---|---|
| Andere auteurs: | , , , |
| Formaat: | Boek |
| Taal: | Vietnamese |
| Gepubliceerd in: |
H.
Quân đội nhân dân
1984
|
| Onderwerpen: | |
| Tags: |
Voeg label toe
Geen labels, Wees de eerste die dit record labelt!
|
| Thư viện lưu trữ: | Mạng thư viện Đại học Đà Nẵng |
|---|
| LEADER | 01700nam a22003978a 4500 | ||
|---|---|---|---|
| 001 | 000015480 | ||
| 003 | 11861 | ||
| 005 | 20120529090522.0 | ||
| 008 | 120529s1984 b 000 0 vieod | ||
| 020 | |c 16500đ |d 20200b | ||
| 041 | 0 | |a vie | |
| 082 | |a 895.9223 |b Bai | ||
| 084 | |a V6(1)7-44 |b B103C | ||
| 100 | 1 | |a Đỗ Chí | |
| 245 | 1 | 0 | |a Bài ca Điện Biên Phủ |b Tập truyện |c Đỗ Chí, Dũng Hà, Nguyễn Minh Châu... |
| 260 | |a H. |b Quân đội nhân dân |c 1984 | ||
| 300 | |a 201tr |c 19cm | ||
| 520 | |a Gồm 7 truyện: Mở màn và kết thúc; ứ cây số 12; Chiếc cáng; Chọn lựa; Khi tiếng súng đã yên; Hai mươi năm sau; Bài ca Điện Biên Phủ, kể về những diễn biến phức tạp, gay go và ác liệt của một số trận đánh quan trọng ở Điện Biên Phủ của bộ đội ta và những kỷ niệm khó quên của cán bộ, chiến sĩ với Điện Biên lịch sử | ||
| 653 | |a Văn học hiện đại | ||
| 653 | |a Điện Biên Phủ | ||
| 653 | |a Truyện kí | ||
| 653 | |a Việt Nam | ||
| 700 | 1 | |a Lương Sĩ Cầm |e Tác giả | |
| 700 | 1 | |a Hữu Mai |e Tác giả | |
| 700 | 1 | |a Dũng Hà |e Tác giả | |
| 700 | 1 | |a Nguyễn Minh Châu |e Tác giả | |
| OWN | |a LSP | ||
| AVA | |a UDN50 |b LSP |d 895.9223 Bai |e available |t Error 5001 Not defined in file expand_doc_bib_avail. |f 1 |g 0 |h N |i 0 |k 1 | ||
| 999 | |a From the UDN01 | ||
| AVA | |a UDN50 |b LSP |d 895.9223 Bai |e available |t Error 5001 Not defined in file expand_doc_bib_avail. |f 1 |g 0 |h N |i 0 |k 1 | ||
| TYP | |a Monograph | ||
| TYP | |a Printed language | ||
| 980 | |a Mạng thư viện Đại học Đà Nẵng | ||